000 00705cam a2200253 a 4500
001 15907602
003 OSt
005 20230703155319.0
008 090916s200u mf f000 0 eng
010 _a 2009334525
040 _aDLC
_cDLC
_dDLC
042 _alcode
_apcc
043 _ai-mf---
082 _a342.698
_bMAU
110 1 _aMauritius.
240 1 0 _aConstitution
245 1 4 _aThe constitution of the Republic of Mauritius.
260 _aPort Louis, Mauritius :
_bGovt. Print. Office,
_c[200-?]
300 _a75 p. ;
_c30 cm.
650 0 _aConstitutions
_zMauritius.
906 _a7
_bcbc
_corigode
_d2
_encip
_f20
_gy-gencatlg
942 _2ddc
_cBK
999 _c3474
_d3474